<?xml version="1.0" encoding="UTF-8"?>
<record
    xmlns:xsi="http://www.w3.org/2001/XMLSchema-instance"
    xsi:schemaLocation="http://www.loc.gov/MARC21/slim http://www.loc.gov/standards/marcxml/schema/MARC21slim.xsd"
    xmlns="http://www.loc.gov/MARC21/slim">

  <leader>00593nam a2200157Ia 4500</leader>
  <controlfield tag="008">100122s9999    xx            000 0 und d</controlfield>
  <datafield tag="082" ind1=" " ind2=" ">
    <subfield code="b">18466</subfield>
    <subfield code="a">823.08</subfield>
  </datafield>
  <datafield tag="100" ind1=" " ind2=" ">
    <subfield code="a">&#x92C;&#x941;&#x935;&#x93E; &#x935;&#x93F; &#x906;</subfield>
  </datafield>
  <datafield tag="245" ind1=" " ind2=" ">
    <subfield code="a">&#x935;&#x93E;&#x918; &#x938;&#x93E;&#x92C;&#x941;&#x926;&#x93E;&#x923;&#x94D;&#x92F;&#x93E;&#x91A;&#x940; &#x916;&#x93F;&#x91A;&#x921;&#x940; &#x916;&#x93E;&#x924;&#x94B;</subfield>
  </datafield>
  <datafield tag="250" ind1=" " ind2=" ">
    <subfield code="a">1</subfield>
  </datafield>
  <datafield tag="260" ind1=" " ind2=" ">
    <subfield code="b">&#x92D;&#x93E;&#x930;&#x924;&#x940;&#x92F; &#x92A;&#x94D;&#x930;&#x915;&#x93E;&#x936;&#x928; &#x92E;&#x902;&#x926;&#x93F;&#x930;</subfield>
    <subfield code="c">1905</subfield>
  </datafield>
  <datafield tag="300" ind1=" " ind2=" ">
    <subfield code="a">96</subfield>
  </datafield>
  <datafield tag="630" ind1=" " ind2=" ">
    <subfield code="a">&#x935;&#x93E;&#x918; &#x938;&#x93E;&#x92C;&#x941;&#x926;&#x93E;&#x923;&#x94D;&#x92F;&#x93E;&#x91A;&#x940; &#x916;&#x93F;&#x91A;&#x921;&#x940; &#x916;&#x93E;&#x924;&#x94B;</subfield>
  </datafield>
  <datafield tag="730" ind1=" " ind2=" ">
    <subfield code="a">&#x935;&#x93E;&#x918; &#x938;&#x93E;&#x92C;&#x941;&#x926;&#x93E;&#x923;&#x94D;&#x92F;&#x93E;&#x91A;&#x940; &#x916;&#x93F;&#x91A;&#x921;&#x940; &#x916;&#x93E;&#x924;&#x94B;</subfield>
  </datafield>
  <datafield tag="942" ind1=" " ind2=" ">
    <subfield code="c">BOOK</subfield>
  </datafield>
  <datafield tag="999" ind1=" " ind2=" ">
    <subfield code="c">407895</subfield>
    <subfield code="d">407892</subfield>
  </datafield>
  <datafield tag="952" ind1=" " ind2=" ">
    <subfield code="0">1</subfield>
    <subfield code="1">0</subfield>
    <subfield code="4">0</subfield>
    <subfield code="7">0</subfield>
    <subfield code="a">SVPPARLE</subfield>
    <subfield code="b">SVPPARLE</subfield>
    <subfield code="d">2007-03-31</subfield>
    <subfield code="g">3.00</subfield>
    <subfield code="l">0</subfield>
    <subfield code="o">18466</subfield>
    <subfield code="p">SVPPARLE-18466</subfield>
    <subfield code="r">2010-01-25 00:00:00</subfield>
    <subfield code="v">3.00</subfield>
    <subfield code="w">2010-01-25</subfield>
    <subfield code="y">BOOK</subfield>
    <subfield code="z">7)&#x930;&#x926;&#x94D;&#x926; NA</subfield>
  </datafield>
</record>
